000 00421nam a22001337a 4500
005 20250916092931.0
008 250916b |||||||| |||| 00| 0 eng d
020 _a9780710622624
050 _aH61
_b.92 GOO
245 _aGOOD RESEARCH PRACTICES;
_bA PRACTICAL GUIDE TO THE IMPLEMENTATION OF THE GXPs
_cEDITED BY NIGEL J. DENT
260 _aOXFORD
_bBUTTERWORTH HEINEMANNH
_cc1997
300 _axvii, 522p
942 _2lcc
_cBK
_n0
999 _c7567
_d7567